000 01158cam a2200229 4500
001 WB3904-17
008 030129n2003 000 0 eng u
035 _a(Sirsi) u121156
245 _aToughest enforcement notice fines in the UK
260 _c2003
490 _aRICS Planning and Development Faculty News
_v24 January 2003, (1)
520 _aBreaches of enforcement notices in Northern Ireland will incur the toughest fines in the UK. Measures in the Planning (Amendment) (Northern Ireland) Order 2003, now laid at Westminster, are aimed at strengthening and improving the planning system in the province. Fines of up to £30 000 for unauthorised demolition or development and spot listing of at risk buildings will be introduced amongst other new powers. Northern Ireland Executive press release http://www.northernireland.gov.uk/press/env/030122a-env.htm
590 _aWB
650 _aNORTHERN IRELAND
650 _aPLANNING SYSTEM
650 _aENFORCEMENT NOTICES
650 _aPLANNING CONSENT
650 _aSPOT LISTING
650 _aDEMOLITION
690 _aENVIRONMENTAL AND LAND CONSULTANCY-PLANNING AND DEVELOPMENT
942 _n0
999 _c71989
_d71989